| 000 | 00784nas a2200265 4500 | ||
|---|---|---|---|
| 001 | BR7303140 | ||
| 003 | BR-BrBNA | ||
| 005 | 20231205082450.0 | ||
| 007 | ta | ||
| 008 | 230509b bl.|||p| |||| 00| 00por d | ||
| 040 |
_aBR-BrBNA _bpor _cBiblioteca Nacional de Agricultura |
||
| 041 | _a(Pt) | ||
| 072 | _aH20 | ||
| 100 | 1 | _aCuri, S.M. | |
| 100 | 1 | _aCarvalho, A. | |
| 100 | 1 | _aMoraes, F.P. | |
| 100 | 1 | _aMonaco, L.C. | |
| 100 | 1 | _aArruda, H.V. de | |
| 245 | 1 | _aNovas fontes de resistencia genetica de coffea no controle de nematoide do cafeeiro, meloidogyne exigua | |
| 650 | _aCAFE | ||
| 650 | _aNEMATOIDE | ||
| 773 | 0 |
_tBiologico (Brazil) _xISSN 0366-0567 _g(Oct 1970), v. 36(10) p. 293-295 _wBR7303140 |
|
| 909 |
_a202311 _bLúcia _c55 _dLúcia Elande |
||
| 942 |
_2AGRIS _n0 _cANA |
||
| 999 |
_c92049 _d92049 |
||